Guidelines for Engineering Design for Process Safety
Enregistré dans:
| Format: | Livre |
|---|---|
| Langue: | anglais |
| Publié: |
New York :
American Institute of Chemical Engineers,
1993
|
| Tags: |
Pas de tags, Soyez le premier à ajouter un tag!
|
MARC
| LEADER | 00000nam a22000003a 4500 | ||
|---|---|---|---|
| 001 | stu90297 | ||
| 005 | 20141121202305.9 | ||
| 008 | 040923s1993----xxu-----------------eng-d | ||
| 020 | |a 0-8169-0565-7 | ||
| 040 | |a STU |b slo | ||
| 041 | 0 | |a eng | |
| 044 | |a xxu | ||
| 080 | |a 614.8 | ||
| 245 | |a Guidelines for Engineering Design for Process Safety | ||
| 260 | |a New York : |b American Institute of Chemical Engineers, |c 1993 | ||
| 300 | |a 573 s. Obr.,tab.,grafy,lit.,index | ||
| 996 | |b C98059 |c C*98059 |l CCXVIII |s P |a 0 |w stu90297_0001 | ||